| 000 | 00466cam a2200193ua 4500 | ||
|---|---|---|---|
| 001 | 2150 | ||
| 005 | 20260515113442.0 | ||
| 008 | 110803n ii |||gr||||Z||||||asm | ||
| 040 | _cMAIN | ||
| 082 | _a370.15 | ||
| 100 | _aSharma, Mukul. Kr, | ||
| 245 | 1 |
_aShiksha monobigyan _cby Mukul kr. Sharma |
|
| 250 | _a3rd. | ||
| 260 |
_aDibrugarh: _bStudents emporium,998. |
||
| 300 |
_a464p: _c23cm. |
||
| 653 | _aEducation | ||
| 653 | _aShiksha monobigyan | ||
| 942 | _cBK | ||
| 999 |
_c2016 _d2016 |
||